<?xml version="1.0" encoding="UTF-8"?>
<record
    xmlns:xsi="http://www.w3.org/2001/XMLSchema-instance"
    xsi:schemaLocation="http://www.loc.gov/MARC21/slim http://www.loc.gov/standards/marcxml/schema/MARC21slim.xsd"
    xmlns="http://www.loc.gov/MARC21/slim">

  <leader>04076nam a22005537a 4500</leader>
  <controlfield tag="008">110602t        ag||||| |||| 00| 0 spa d</controlfield>
  <datafield tag="020" ind1=" " ind2=" ">
    <subfield code="a">9505185758 (Obras completas)</subfield>
  </datafield>
  <datafield tag="020" ind1=" " ind2=" ">
    <subfield code="a">9505185766 (Volumen de presentaci&#xF3;n)</subfield>
  </datafield>
  <datafield tag="020" ind1=" " ind2=" ">
    <subfield code="a">9505185774 (Volumen I)</subfield>
  </datafield>
  <datafield tag="020" ind1=" " ind2=" ">
    <subfield code="a">9505185782 (Volumen II)</subfield>
  </datafield>
  <datafield tag="020" ind1=" " ind2=" ">
    <subfield code="a">9505185790 (Volumen III)</subfield>
  </datafield>
  <datafield tag="020" ind1=" " ind2=" ">
    <subfield code="a">9505185804 (Volumen IV)</subfield>
  </datafield>
  <datafield tag="020" ind1=" " ind2=" ">
    <subfield code="a">9505185812 (Volumen V)</subfield>
  </datafield>
  <datafield tag="020" ind1=" " ind2=" ">
    <subfield code="a">9505185820 (Volumen Vl)</subfield>
  </datafield>
  <datafield tag="020" ind1=" " ind2=" ">
    <subfield code="a">9505185839 (Volumen Vll)</subfield>
  </datafield>
  <datafield tag="020" ind1=" " ind2=" ">
    <subfield code="a">9505185847  (Volumen VllI)</subfield>
  </datafield>
  <datafield tag="020" ind1=" " ind2=" ">
    <subfield code="a">9505185863  (Volumen X) </subfield>
  </datafield>
  <datafield tag="020" ind1=" " ind2=" ">
    <subfield code="a">9505185871  (Volumen XI)</subfield>
  </datafield>
  <datafield tag="020" ind1=" " ind2=" ">
    <subfield code="a">950518588X  (Volumen XII)</subfield>
  </datafield>
  <datafield tag="020" ind1=" " ind2=" ">
    <subfield code="a">9505185898  (Volumen XIII) </subfield>
  </datafield>
  <datafield tag="020" ind1=" " ind2=" ">
    <subfield code="a">9505185901  (Volumen XIV) </subfield>
  </datafield>
  <datafield tag="020" ind1=" " ind2=" ">
    <subfield code="a">950518591X  (Volumen XV) </subfield>
  </datafield>
  <datafield tag="020" ind1=" " ind2=" ">
    <subfield code="a">9505185928  (Volumen XVI) </subfield>
  </datafield>
  <datafield tag="020" ind1=" " ind2=" ">
    <subfield code="a">9505185936  (Volumen XVII) </subfield>
  </datafield>
  <datafield tag="020" ind1=" " ind2=" ">
    <subfield code="a">9505185944  (Volumen XVIII) </subfield>
  </datafield>
  <datafield tag="020" ind1=" " ind2=" ">
    <subfield code="a">9505185952  (Volumen XIX)</subfield>
  </datafield>
  <datafield tag="020" ind1=" " ind2=" ">
    <subfield code="a">9505185960  (Volumen XX)</subfield>
  </datafield>
  <datafield tag="020" ind1=" " ind2=" ">
    <subfield code="a">9505185979 (Volumen XXI) </subfield>
  </datafield>
  <datafield tag="020" ind1=" " ind2=" ">
    <subfield code="a">9505185987 (Volumen XXII)</subfield>
  </datafield>
  <datafield tag="020" ind1=" " ind2=" ">
    <subfield code="a">9505185995  (Volumen XXIII) </subfield>
  </datafield>
  <datafield tag="020" ind1=" " ind2=" ">
    <subfield code="a">9505186002 (Volumen XXIV) </subfield>
  </datafield>
  <datafield tag="050" ind1="0" ind2="4">
    <subfield code="a">BF173.O27</subfield>
    <subfield code="b">F74 2006</subfield>
  </datafield>
  <datafield tag="100" ind1="1" ind2=" ">
    <subfield code="a">Freud, Sigmund</subfield>
    <subfield code="d">1856-1939</subfield>
  </datafield>
  <datafield tag="245" ind1="1" ind2=" ">
    <subfield code="a">Obras completas</subfield>
    <subfield code="c">Sigmund Freud ; notas, James Strachey ; colab., Anna Freud,asist. Alix Strachey, Alan tyson y Algela Richards ; tr Jos&#xE9; Luis Etcheverry.</subfield>
  </datafield>
  <datafield tag="250" ind1=" " ind2=" ">
    <subfield code="a">2a ed.</subfield>
  </datafield>
  <datafield tag="260" ind1=" " ind2=" ">
    <subfield code="a">Buenos Aires, Argentina :</subfield>
    <subfield code="b">Amorrortu editores,</subfield>
    <subfield code="c">r2006</subfield>
  </datafield>
  <datafield tag="300" ind1=" " ind2=" ">
    <subfield code="a">24. V.</subfield>
    <subfield code="c">22 cm.</subfield>
  </datafield>
  <datafield tag="504" ind1=" " ind2=" ">
    <subfield code="a">Incluye bibliograf&#xED;as e &#xED;ndices </subfield>
  </datafield>
  <datafield tag="505" ind1=" " ind2=" ">
    <subfield code="a">Contenido: V. (de presentaci&#xF3;n) Sobre la versi&#xF3;n castellana V.1. (1886-99) Publicaciones prepsicoanal&#xED;ticas y manuscritos in&#xE9;ditos en vida de Freud - V.2. (1893-95) Estudio sobre la histeria (Jos&#xE9; Breuer y Sigmund Freud) - V.3. (1893-99) Primeras publicaciones psicoanal&#xED;ticas - V.4. (1900) La interpretaci&#xF3;n de los sue&#xF1;os (1a parte) - V.5. (1900-01) La interpretaci&#xF3;n de los sue&#xF1;os (2a parte) - V.6. (1901) Psicopatolog&#xED;a de la vida cotidiana - V.7. (1901-05) Fragmento de an&#xE1;lisis de un caso de histeria. Tres ensayos de teor&#xED;a sexual y otras obras. -V. 8 (1905) El chiste  y su realci&#xF3;n con lo inconciente - V.9. (1906-08) El delirio y los sue&#xF1;os en la  &#xAB;Gradiva&#xBB; de W. Jensen y otras obras - V.10. (1909) analisis de la fobia de un ni&#xF1;o de cinco a&#xF1;os A proposito de un caso de neurosis obsesiva - V.11. (1910) Cinco conferencias sobre psicoan&#xE1;lisis. Un recuerdo infantil de Leonardo da Vinci y otras obras. - V.12. (1911-13) Sobre un caso de paranoia descrito autobiogr&#xE1;ficamente. Trabajos sobre t&#xE9;cnicas psicoanal&#xED;ticas y otras obras. - V.13 (1913-14) Totem y tab&#xFA; y otras obras. - V.14. (1914-16) Contribuci&#xF3;n a la historia del movimiento psicoanal&#xED;tico. Trabajos sobre metapsicolog&#xED;a y otras obras. - V.15. (1915-16) Conferencias de introducci&#xF3;n al psicoan&#xE1;lisis (partes I y II). - V.16. (1916-17) Conferencias de introducci&#xF3;n al psicoan&#xE1;lisis (parte III). - V.17. (1917-19) De la historia de una neurosis infantil y otras obras. - V.18. (1920-22) M&#xE1;s all&#xE1; del principio del placer. Psicolog&#xED;a de las masas y an&#xE1;lisis del yo y otras obras. - V.19 (1923-25) El yo el ello y otras obras. - V.20. (1925-26) Presentaci&#xF3;n autobiogr&#xE1;fica. Inhibici&#xF3;n, s&#xED;ntoma y angustia. &#xBF;Pueden los legos ejercer el an&#xE1;lisis? y otras obras. - V.21. (1927-31) El porvenir de una ilusi&#xF3;n. El malestar en la cultura y otras obras. - V.22. (1932-36) Nuevas conferencias de introducci&#xF3;n al psicoan&#xE1;lisis y otra obras. - V.23. (1937-39) Moises y la religi&#xF3;n monote&#xED;sta. Esquema del psicoan&#xE1;lisis y otras obras. - V.24. Indices y bibliograf&#xED;as. </subfield>
  </datafield>
  <datafield tag="600" ind1="1" ind2="4">
    <subfield code="a">Freud, Sigmund,</subfield>
    <subfield code="d">1856-1939</subfield>
    <subfield code="x">Psicoan&#xE1;lisis </subfield>
    <subfield code="z">Austria</subfield>
  </datafield>
  <datafield tag="650" ind1=" " ind2="7">
    <subfield code="2">Lemb</subfield>
    <subfield code="a">Psicoan&#xE1;lisis,</subfield>
    <subfield code="x">Psicolog&#xED;a.</subfield>
  </datafield>
  <datafield tag="700" ind1="1" ind2=" ">
    <subfield code="a">Strachey, James </subfield>
    <subfield code="e">ord. coment. y notas</subfield>
  </datafield>
  <datafield tag="700" ind1="1" ind2=" ">
    <subfield code="a">Etcheverry, Jos&#xE9; L. </subfield>
    <subfield code="e">tr.</subfield>
  </datafield>
  <datafield tag="700" ind1="1" ind2=" ">
    <subfield code="a">Freud, Ana </subfield>
    <subfield code="e">col.</subfield>
  </datafield>
  <datafield tag="700" ind1="1" ind2=" ">
    <subfield code="a">Strachey, Alix </subfield>
    <subfield code="e">asist.</subfield>
  </datafield>
  <datafield tag="700" ind1="1" ind2=" ">
    <subfield code="a">Tyson, Alan </subfield>
    <subfield code="e">asist.</subfield>
  </datafield>
  <datafield tag="700" ind1="1" ind2=" ">
    <subfield code="a">Richards, Angela </subfield>
    <subfield code="e">asist.</subfield>
  </datafield>
  <datafield tag="942" ind1=" " ind2=" ">
    <subfield code="2">lcc</subfield>
    <subfield code="c">LIB</subfield>
  </datafield>
  <datafield tag="999" ind1=" " ind2=" ">
    <subfield code="c">9216</subfield>
    <subfield code="d">9216</subfield>
  </datafield>
  <datafield tag="952" ind1=" " ind2=" ">
    <subfield code="1">0</subfield>
    <subfield code="2">lcc</subfield>
    <subfield code="4">0</subfield>
    <subfield code="7">0</subfield>
    <subfield code="a">LIC-047-1</subfield>
    <subfield code="b">LIC-047-1</subfield>
    <subfield code="c">CONSULTA</subfield>
    <subfield code="d">2011-06-02</subfield>
    <subfield code="e">Rec. prop.</subfield>
    <subfield code="h">BPS000002053</subfield>
    <subfield code="o">BF173.O27 F74 2007</subfield>
    <subfield code="p">BPS000002053</subfield>
    <subfield code="r">2011-06-02 00:00:00</subfield>
    <subfield code="t">V.IV C:1</subfield>
    <subfield code="y">LIB</subfield>
  </datafield>
  <datafield tag="952" ind1=" " ind2=" ">
    <subfield code="1">0</subfield>
    <subfield code="2">lcc</subfield>
    <subfield code="4">0</subfield>
    <subfield code="7">0</subfield>
    <subfield code="a">LIC-047-1</subfield>
    <subfield code="b">LIC-047-1</subfield>
    <subfield code="c">CONSULTA</subfield>
    <subfield code="d">2011-06-02</subfield>
    <subfield code="e">Rec. prop.</subfield>
    <subfield code="h">BPS000002034</subfield>
    <subfield code="o">BF173.O27 2007</subfield>
    <subfield code="p">BPS000002034</subfield>
    <subfield code="r">2011-06-02 00:00:00</subfield>
    <subfield code="t">V.V C:1</subfield>
    <subfield code="y">LIB</subfield>
  </datafield>
  <datafield tag="952" ind1=" " ind2=" ">
    <subfield code="1">0</subfield>
    <subfield code="2">lcc</subfield>
    <subfield code="4">0</subfield>
    <subfield code="7">0</subfield>
    <subfield code="a">LIC-047-1</subfield>
    <subfield code="b">LIC-047-1</subfield>
    <subfield code="c">CONSULTA</subfield>
    <subfield code="d">2011-06-02</subfield>
    <subfield code="e">Rec. prop.</subfield>
    <subfield code="h">BPS000002033</subfield>
    <subfield code="o">BF173.O27 F74 2007</subfield>
    <subfield code="p">BPS000002033</subfield>
    <subfield code="r">2011-06-02 00:00:00</subfield>
    <subfield code="t">V. VI C:1</subfield>
    <subfield code="y">LIB</subfield>
  </datafield>
  <datafield tag="952" ind1=" " ind2=" ">
    <subfield code="1">0</subfield>
    <subfield code="2">lcc</subfield>
    <subfield code="4">0</subfield>
    <subfield code="7">0</subfield>
    <subfield code="a">LIC-047-1</subfield>
    <subfield code="b">LIC-047-1</subfield>
    <subfield code="c">CONSULTA</subfield>
    <subfield code="d">2011-06-02</subfield>
    <subfield code="e">Rec. prop.</subfield>
    <subfield code="h">BPS000002031</subfield>
    <subfield code="o">BF173.O27 F74 2008</subfield>
    <subfield code="p">BPS000002031</subfield>
    <subfield code="r">2011-06-02 00:00:00</subfield>
    <subfield code="t">V. VII C:1</subfield>
    <subfield code="y">LIB</subfield>
  </datafield>
  <datafield tag="952" ind1=" " ind2=" ">
    <subfield code="1">0</subfield>
    <subfield code="2">lcc</subfield>
    <subfield code="4">0</subfield>
    <subfield code="7">0</subfield>
    <subfield code="a">LIC-047-1</subfield>
    <subfield code="b">LIC-047-1</subfield>
    <subfield code="c">CONSULTA</subfield>
    <subfield code="d">2011-06-02</subfield>
    <subfield code="e">Rec. prop.</subfield>
    <subfield code="h">BPS000002030</subfield>
    <subfield code="o">BF173.O27 F74 2008</subfield>
    <subfield code="p">BPS000002030</subfield>
    <subfield code="r">2011-06-02 00:00:00</subfield>
    <subfield code="t">V. VIII C:1</subfield>
    <subfield code="y">LIB</subfield>
  </datafield>
  <datafield tag="952" ind1=" " ind2=" ">
    <subfield code="1">0</subfield>
    <subfield code="2">lcc</subfield>
    <subfield code="4">0</subfield>
    <subfield code="7">0</subfield>
    <subfield code="a">LIC-047-1</subfield>
    <subfield code="b">LIC-047-1</subfield>
    <subfield code="c">CONSULTA</subfield>
    <subfield code="d">2011-06-02</subfield>
    <subfield code="e">Rec. prop.</subfield>
    <subfield code="h">BPS000002017</subfield>
    <subfield code="o">BF173.O27 F74 2008</subfield>
    <subfield code="p">BPS000002017</subfield>
    <subfield code="r">2011-06-02 00:00:00</subfield>
    <subfield code="t">V.X C:1</subfield>
    <subfield code="y">LIB</subfield>
  </datafield>
  <datafield tag="952" ind1=" " ind2=" ">
    <subfield code="1">0</subfield>
    <subfield code="2">lcc</subfield>
    <subfield code="4">0</subfield>
    <subfield code="7">0</subfield>
    <subfield code="a">LIC-047-1</subfield>
    <subfield code="b">LIC-047-1</subfield>
    <subfield code="c">CONSULTA</subfield>
    <subfield code="d">2011-06-02</subfield>
    <subfield code="e">Rec. prop.</subfield>
    <subfield code="h">BPS000002014</subfield>
    <subfield code="o">BF173.O27 F74 2007</subfield>
    <subfield code="p">BPS000002014</subfield>
    <subfield code="r">2011-06-02 00:00:00</subfield>
    <subfield code="t">V.XI C:1</subfield>
    <subfield code="y">LIB</subfield>
  </datafield>
  <datafield tag="952" ind1=" " ind2=" ">
    <subfield code="1">0</subfield>
    <subfield code="2">lcc</subfield>
    <subfield code="4">0</subfield>
    <subfield code="7">0</subfield>
    <subfield code="a">LIC-047-1</subfield>
    <subfield code="b">LIC-047-1</subfield>
    <subfield code="c">CONSULTA</subfield>
    <subfield code="d">2011-06-02</subfield>
    <subfield code="e">Rec. prop.</subfield>
    <subfield code="h">BPS000002013</subfield>
    <subfield code="o">BF173.O27 F74 2007</subfield>
    <subfield code="p">BPS000002013</subfield>
    <subfield code="r">2011-06-02 00:00:00</subfield>
    <subfield code="s">0000-00-00</subfield>
    <subfield code="t">V.XII C:1</subfield>
    <subfield code="y">LIB</subfield>
  </datafield>
  <datafield tag="952" ind1=" " ind2=" ">
    <subfield code="1">0</subfield>
    <subfield code="2">lcc</subfield>
    <subfield code="4">0</subfield>
    <subfield code="7">0</subfield>
    <subfield code="a">LIC-047-1</subfield>
    <subfield code="b">LIC-047-1</subfield>
    <subfield code="c">CONSULTA</subfield>
    <subfield code="d">2011-06-02</subfield>
    <subfield code="e">Rec. prop.</subfield>
    <subfield code="h">BPS000002012</subfield>
    <subfield code="o">BF173.O27 F74 2007</subfield>
    <subfield code="p">BPS000002012</subfield>
    <subfield code="r">2011-06-02 00:00:00</subfield>
    <subfield code="s">0000-00-00</subfield>
    <subfield code="t">V.XIII C:1</subfield>
    <subfield code="y">LIB</subfield>
  </datafield>
  <datafield tag="952" ind1=" " ind2=" ">
    <subfield code="1">0</subfield>
    <subfield code="2">lcc</subfield>
    <subfield code="4">0</subfield>
    <subfield code="7">0</subfield>
    <subfield code="a">LIC-047-1</subfield>
    <subfield code="b">LIC-047-1</subfield>
    <subfield code="c">CONSULTA</subfield>
    <subfield code="d">2011-06-02</subfield>
    <subfield code="e">Rec. prop.</subfield>
    <subfield code="h">BPS000002005</subfield>
    <subfield code="o">BF173.O27 F74 2007</subfield>
    <subfield code="p">BPS000002005</subfield>
    <subfield code="r">2011-06-02 00:00:00</subfield>
    <subfield code="t">V:XIV C:1</subfield>
    <subfield code="y">LIB</subfield>
  </datafield>
  <datafield tag="952" ind1=" " ind2=" ">
    <subfield code="1">0</subfield>
    <subfield code="2">lcc</subfield>
    <subfield code="4">0</subfield>
    <subfield code="7">0</subfield>
    <subfield code="a">LIC-047-1</subfield>
    <subfield code="b">LIC-047-1</subfield>
    <subfield code="c">CONSULTA</subfield>
    <subfield code="d">2011-06-02</subfield>
    <subfield code="e">Rec. prop.</subfield>
    <subfield code="h">BPS000005940</subfield>
    <subfield code="o">BF173.O27 F74 2006</subfield>
    <subfield code="p">BPS000005940</subfield>
    <subfield code="r">2011-06-02 00:00:00</subfield>
    <subfield code="t">V.I C:2</subfield>
    <subfield code="y">LIB</subfield>
  </datafield>
  <datafield tag="952" ind1=" " ind2=" ">
    <subfield code="1">0</subfield>
    <subfield code="2">lcc</subfield>
    <subfield code="4">0</subfield>
    <subfield code="7">0</subfield>
    <subfield code="a">LIC-047-1</subfield>
    <subfield code="b">LIC-047-1</subfield>
    <subfield code="c">CONSULTA</subfield>
    <subfield code="d">2011-06-02</subfield>
    <subfield code="e">Rec. prop.</subfield>
    <subfield code="h">BPS000001993</subfield>
    <subfield code="o">BF173.O27 F74 2007</subfield>
    <subfield code="p">BPS000001993</subfield>
    <subfield code="r">2011-06-02 00:00:00</subfield>
    <subfield code="t">V.XV C:1</subfield>
    <subfield code="y">LIB</subfield>
  </datafield>
  <datafield tag="952" ind1=" " ind2=" ">
    <subfield code="1">0</subfield>
    <subfield code="2">lcc</subfield>
    <subfield code="4">0</subfield>
    <subfield code="7">0</subfield>
    <subfield code="a">LIC-047-1</subfield>
    <subfield code="b">LIC-047-1</subfield>
    <subfield code="c">CONSULTA</subfield>
    <subfield code="d">2011-06-02</subfield>
    <subfield code="e">Rec. prop.</subfield>
    <subfield code="h">BPS000001976</subfield>
    <subfield code="o">BF713.O27 F74 2007</subfield>
    <subfield code="p">BPS000001976</subfield>
    <subfield code="r">2011-06-02 00:00:00</subfield>
    <subfield code="s">0000-00-00</subfield>
    <subfield code="t">V.XVI C:1</subfield>
    <subfield code="y">LIB</subfield>
  </datafield>
  <datafield tag="952" ind1=" " ind2=" ">
    <subfield code="1">0</subfield>
    <subfield code="2">lcc</subfield>
    <subfield code="4">0</subfield>
    <subfield code="7">0</subfield>
    <subfield code="a">LIC-047-1</subfield>
    <subfield code="b">LIC-047-1</subfield>
    <subfield code="c">CONSULTA</subfield>
    <subfield code="d">2011-06-02</subfield>
    <subfield code="e">Rec. Prop.</subfield>
    <subfield code="h">BPS000005941</subfield>
    <subfield code="o">BF173.O27 F74 2006</subfield>
    <subfield code="p">BPS000005941</subfield>
    <subfield code="r">2011-06-02 00:00:00</subfield>
    <subfield code="s">0000-00-00</subfield>
    <subfield code="t">V.II C:2</subfield>
    <subfield code="y">LIB</subfield>
  </datafield>
  <datafield tag="952" ind1=" " ind2=" ">
    <subfield code="1">0</subfield>
    <subfield code="2">lcc</subfield>
    <subfield code="4">0</subfield>
    <subfield code="7">0</subfield>
    <subfield code="a">LIC-047-1</subfield>
    <subfield code="b">LIC-047-1</subfield>
    <subfield code="c">CONSULTA</subfield>
    <subfield code="d">2011-06-02</subfield>
    <subfield code="e">Rec. prop.</subfield>
    <subfield code="h">BPS000001975</subfield>
    <subfield code="o">BF173.O27 F74 2007</subfield>
    <subfield code="p">BPS000001975</subfield>
    <subfield code="r">2011-06-02 00:00:00</subfield>
    <subfield code="t">V.XVII C:1</subfield>
    <subfield code="y">LIB</subfield>
  </datafield>
  <datafield tag="952" ind1=" " ind2=" ">
    <subfield code="1">0</subfield>
    <subfield code="2">lcc</subfield>
    <subfield code="4">0</subfield>
    <subfield code="7">0</subfield>
    <subfield code="a">LIC-047-1</subfield>
    <subfield code="b">LIC-047-1</subfield>
    <subfield code="c">CONSULTA</subfield>
    <subfield code="d">2011-06-02</subfield>
    <subfield code="e">Rec. prop.</subfield>
    <subfield code="h">BPS000005942</subfield>
    <subfield code="o">BF173.O27 F74 2005</subfield>
    <subfield code="p">BPS000005942</subfield>
    <subfield code="r">2011-06-02 00:00:00</subfield>
    <subfield code="t">V.III C:2</subfield>
    <subfield code="y">LIB</subfield>
  </datafield>
  <datafield tag="952" ind1=" " ind2=" ">
    <subfield code="1">0</subfield>
    <subfield code="2">lcc</subfield>
    <subfield code="4">0</subfield>
    <subfield code="7">0</subfield>
    <subfield code="a">LIC-047-1</subfield>
    <subfield code="b">LIC-047-1</subfield>
    <subfield code="c">CONSULTA</subfield>
    <subfield code="d">2011-06-02</subfield>
    <subfield code="e">Rec. prop.</subfield>
    <subfield code="h">BPS000001974</subfield>
    <subfield code="o">BF173.O27 F74 2007</subfield>
    <subfield code="p">BPS000001974</subfield>
    <subfield code="r">2011-06-02 00:00:00</subfield>
    <subfield code="t">V.XVIII C:1</subfield>
    <subfield code="y">LIB</subfield>
  </datafield>
  <datafield tag="952" ind1=" " ind2=" ">
    <subfield code="1">0</subfield>
    <subfield code="2">lcc</subfield>
    <subfield code="4">0</subfield>
    <subfield code="7">0</subfield>
    <subfield code="a">LIC-047-1</subfield>
    <subfield code="b">LIC-047-1</subfield>
    <subfield code="c">CONSULTA</subfield>
    <subfield code="d">2011-06-02</subfield>
    <subfield code="e">Rec. prop.</subfield>
    <subfield code="h">BPS000001969</subfield>
    <subfield code="o">BF173.O27 F74 2007</subfield>
    <subfield code="p">BPS000001969</subfield>
    <subfield code="r">2011-06-02 00:00:00</subfield>
    <subfield code="t">V.XIX C:1</subfield>
    <subfield code="y">LIB</subfield>
  </datafield>
  <datafield tag="952" ind1=" " ind2=" ">
    <subfield code="1">0</subfield>
    <subfield code="2">lcc</subfield>
    <subfield code="4">0</subfield>
    <subfield code="7">0</subfield>
    <subfield code="a">LIC-047-1</subfield>
    <subfield code="b">LIC-047-1</subfield>
    <subfield code="c">CONSULTA</subfield>
    <subfield code="d">2011-06-02</subfield>
    <subfield code="e">Rec. prop.</subfield>
    <subfield code="h">BPS000005943</subfield>
    <subfield code="o">BF173.O27 F74 2005</subfield>
    <subfield code="p">BPS000005943</subfield>
    <subfield code="r">2011-06-02 00:00:00</subfield>
    <subfield code="t">V:IV C:2</subfield>
    <subfield code="y">LIB</subfield>
  </datafield>
  <datafield tag="952" ind1=" " ind2=" ">
    <subfield code="1">0</subfield>
    <subfield code="2">lcc</subfield>
    <subfield code="4">0</subfield>
    <subfield code="7">0</subfield>
    <subfield code="a">LIC-047-1</subfield>
    <subfield code="b">LIC-047-1</subfield>
    <subfield code="c">CONSULTA</subfield>
    <subfield code="d">2011-06-02</subfield>
    <subfield code="e">Rec. prop.</subfield>
    <subfield code="h">BPS000001962</subfield>
    <subfield code="o">BF173.O27 F74 2008</subfield>
    <subfield code="p">BPS000001962</subfield>
    <subfield code="r">2011-06-02 00:00:00</subfield>
    <subfield code="t">V.XX C:1</subfield>
    <subfield code="y">LIB</subfield>
  </datafield>
  <datafield tag="952" ind1=" " ind2=" ">
    <subfield code="1">0</subfield>
    <subfield code="2">lcc</subfield>
    <subfield code="4">0</subfield>
    <subfield code="7">0</subfield>
    <subfield code="a">LIC-047-1</subfield>
    <subfield code="b">LIC-047-1</subfield>
    <subfield code="c">CONSULTA</subfield>
    <subfield code="d">2011-06-02</subfield>
    <subfield code="e">Rec. Prop.</subfield>
    <subfield code="h">BPS000005944</subfield>
    <subfield code="o">BF173.O27 F74 2005</subfield>
    <subfield code="p">BPS000005944</subfield>
    <subfield code="r">2011-06-02 00:00:00</subfield>
    <subfield code="t">V:V C:2</subfield>
    <subfield code="y">LIB</subfield>
  </datafield>
  <datafield tag="952" ind1=" " ind2=" ">
    <subfield code="1">0</subfield>
    <subfield code="2">lcc</subfield>
    <subfield code="4">0</subfield>
    <subfield code="7">0</subfield>
    <subfield code="a">LIC-047-1</subfield>
    <subfield code="b">LIC-047-1</subfield>
    <subfield code="c">CONSULTA</subfield>
    <subfield code="d">2011-06-02</subfield>
    <subfield code="e">Rec. prop.</subfield>
    <subfield code="h">BPS000001961</subfield>
    <subfield code="o">BF173.O27 F74 2007</subfield>
    <subfield code="p">BPS000001961</subfield>
    <subfield code="r">2011-06-02 00:00:00</subfield>
    <subfield code="t">V.XXI C:1</subfield>
    <subfield code="y">LIB</subfield>
  </datafield>
  <datafield tag="952" ind1=" " ind2=" ">
    <subfield code="1">0</subfield>
    <subfield code="2">lcc</subfield>
    <subfield code="4">0</subfield>
    <subfield code="7">0</subfield>
    <subfield code="a">LIC-047-1</subfield>
    <subfield code="b">LIC-047-1</subfield>
    <subfield code="c">CONSULTA</subfield>
    <subfield code="d">2011-06-02</subfield>
    <subfield code="e">Rec. prop.</subfield>
    <subfield code="h">BPS000001915</subfield>
    <subfield code="o">BF173.O27 F74 2006</subfield>
    <subfield code="p">BPS000001915</subfield>
    <subfield code="r">2011-06-02 00:00:00</subfield>
    <subfield code="t">V.XXII C:1</subfield>
    <subfield code="y">LIB</subfield>
  </datafield>
  <datafield tag="952" ind1=" " ind2=" ">
    <subfield code="1">0</subfield>
    <subfield code="2">lcc</subfield>
    <subfield code="4">0</subfield>
    <subfield code="7">0</subfield>
    <subfield code="a">LIC-047-1</subfield>
    <subfield code="b">LIC-047-1</subfield>
    <subfield code="c">CONSULTA</subfield>
    <subfield code="d">2011-06-02</subfield>
    <subfield code="f">1a ed.</subfield>
    <subfield code="h">BPS000005945</subfield>
    <subfield code="k">EH</subfield>
    <subfield code="o">BF173.O27 F74 2006</subfield>
    <subfield code="p">BPS000005945</subfield>
    <subfield code="r">2011-06-02 00:00:00</subfield>
    <subfield code="t">V:VI C:2</subfield>
    <subfield code="v">1.00</subfield>
    <subfield code="y">LIB</subfield>
  </datafield>
  <datafield tag="952" ind1=" " ind2=" ">
    <subfield code="1">0</subfield>
    <subfield code="2">lcc</subfield>
    <subfield code="4">0</subfield>
    <subfield code="7">0</subfield>
    <subfield code="a">LIC-047-1</subfield>
    <subfield code="b">LIC-047-1</subfield>
    <subfield code="c">CONSULTA</subfield>
    <subfield code="d">2011-06-02</subfield>
    <subfield code="e">Rec. prop.</subfield>
    <subfield code="h">BPS000005946</subfield>
    <subfield code="o">BF173.O27 F74 2005</subfield>
    <subfield code="p">BPS000005946</subfield>
    <subfield code="r">2011-06-02 00:00:00</subfield>
    <subfield code="t">V:VII C:2</subfield>
    <subfield code="y">LIB</subfield>
  </datafield>
  <datafield tag="952" ind1=" " ind2=" ">
    <subfield code="1">0</subfield>
    <subfield code="2">lcc</subfield>
    <subfield code="4">0</subfield>
    <subfield code="7">0</subfield>
    <subfield code="a">LIC-047-1</subfield>
    <subfield code="b">LIC-047-1</subfield>
    <subfield code="c">CONSULTA</subfield>
    <subfield code="d">2011-06-02</subfield>
    <subfield code="e">Rec. Prop.</subfield>
    <subfield code="h">BPS000005947</subfield>
    <subfield code="o">BF173.O27 F74 2006</subfield>
    <subfield code="p">BPS000005947</subfield>
    <subfield code="r">2011-06-02 00:00:00</subfield>
    <subfield code="t">V:VIII C:2</subfield>
    <subfield code="y">LIB</subfield>
  </datafield>
  <datafield tag="952" ind1=" " ind2=" ">
    <subfield code="1">0</subfield>
    <subfield code="2">lcc</subfield>
    <subfield code="4">0</subfield>
    <subfield code="7">0</subfield>
    <subfield code="a">LIC-047-1</subfield>
    <subfield code="b">LIC-047-1</subfield>
    <subfield code="c">CONSULTA</subfield>
    <subfield code="d">2011-06-02</subfield>
    <subfield code="e">Rec. prop.</subfield>
    <subfield code="h">BPS000005948</subfield>
    <subfield code="o">BF173.O27 F74 2006</subfield>
    <subfield code="p">BPS000005948</subfield>
    <subfield code="r">2011-06-02 00:00:00</subfield>
    <subfield code="t">V:IX C:2</subfield>
    <subfield code="y">LIB</subfield>
  </datafield>
  <datafield tag="952" ind1=" " ind2=" ">
    <subfield code="1">0</subfield>
    <subfield code="2">lcc</subfield>
    <subfield code="4">0</subfield>
    <subfield code="7">0</subfield>
    <subfield code="a">LIC-047-1</subfield>
    <subfield code="b">LIC-047-1</subfield>
    <subfield code="c">CONSULTA</subfield>
    <subfield code="d">2011-06-02</subfield>
    <subfield code="e">Rec. prop.</subfield>
    <subfield code="h">BPS000001914</subfield>
    <subfield code="o">BF173.O27 F74 2007</subfield>
    <subfield code="p">BPS000001914</subfield>
    <subfield code="r">2011-06-02 00:00:00</subfield>
    <subfield code="s">0000-00-00</subfield>
    <subfield code="t">V.XXIII C:1</subfield>
    <subfield code="y">LIB</subfield>
  </datafield>
  <datafield tag="952" ind1=" " ind2=" ">
    <subfield code="1">0</subfield>
    <subfield code="2">lcc</subfield>
    <subfield code="4">0</subfield>
    <subfield code="7">0</subfield>
    <subfield code="a">LIC-047-1</subfield>
    <subfield code="b">LIC-047-1</subfield>
    <subfield code="c">CONSULTA</subfield>
    <subfield code="d">2011-06-06</subfield>
    <subfield code="e">Rec. prop.</subfield>
    <subfield code="h">BPS000001913</subfield>
    <subfield code="o">BF173.O27 F74 2007</subfield>
    <subfield code="p">BPS000001913</subfield>
    <subfield code="r">2011-06-06 00:00:00</subfield>
    <subfield code="t">V.XXIV C:1</subfield>
    <subfield code="y">LIB</subfield>
  </datafield>
  <datafield tag="952" ind1=" " ind2=" ">
    <subfield code="1">0</subfield>
    <subfield code="2">lcc</subfield>
    <subfield code="4">0</subfield>
    <subfield code="7">0</subfield>
    <subfield code="a">LIC-047-1</subfield>
    <subfield code="b">LIC-047-1</subfield>
    <subfield code="c">CONSULTA</subfield>
    <subfield code="d">2011-06-06</subfield>
    <subfield code="e">Rec. prop.</subfield>
    <subfield code="h">BPS000001912</subfield>
    <subfield code="o">BF173.O27 F74 2006</subfield>
    <subfield code="p">BPS000001912</subfield>
    <subfield code="r">2011-06-06 00:00:00</subfield>
    <subfield code="t">C:1</subfield>
    <subfield code="y">LIB</subfield>
  </datafield>
  <datafield tag="952" ind1=" " ind2=" ">
    <subfield code="1">0</subfield>
    <subfield code="2">lcc</subfield>
    <subfield code="4">0</subfield>
    <subfield code="7">0</subfield>
    <subfield code="a">LIC-047-1</subfield>
    <subfield code="b">LIC-047-1</subfield>
    <subfield code="c">CONSULTA</subfield>
    <subfield code="d">2011-06-06</subfield>
    <subfield code="e">Rec. Prop.</subfield>
    <subfield code="h">BPS000005964</subfield>
    <subfield code="o">BF173.O27 F74 2005</subfield>
    <subfield code="p">BPS000005964</subfield>
    <subfield code="r">2011-06-06 00:00:00</subfield>
    <subfield code="t">V:X C:2</subfield>
    <subfield code="y">LIB</subfield>
  </datafield>
  <datafield tag="952" ind1=" " ind2=" ">
    <subfield code="1">0</subfield>
    <subfield code="2">lcc</subfield>
    <subfield code="4">0</subfield>
    <subfield code="7">0</subfield>
    <subfield code="a">LIC-047-1</subfield>
    <subfield code="b">LIC-047-1</subfield>
    <subfield code="c">CONSULTA</subfield>
    <subfield code="d">2011-06-06</subfield>
    <subfield code="e">Rec. prop.</subfield>
    <subfield code="h">BPS000005965</subfield>
    <subfield code="o">BF173.O27 F74 2006</subfield>
    <subfield code="p">BPS000005965</subfield>
    <subfield code="r">2011-06-06 00:00:00</subfield>
    <subfield code="t">V.XI C:2</subfield>
    <subfield code="y">LIB</subfield>
  </datafield>
  <datafield tag="952" ind1=" " ind2=" ">
    <subfield code="1">0</subfield>
    <subfield code="2">lcc</subfield>
    <subfield code="4">0</subfield>
    <subfield code="7">0</subfield>
    <subfield code="a">LIC-047-1</subfield>
    <subfield code="b">LIC-047-1</subfield>
    <subfield code="c">CONSULTA</subfield>
    <subfield code="d">2011-06-06</subfield>
    <subfield code="e">Rec. prop.</subfield>
    <subfield code="h">BPS000005966</subfield>
    <subfield code="o">BF173.O27 F74 2005</subfield>
    <subfield code="p">BPS000005966</subfield>
    <subfield code="r">2011-06-06 00:00:00</subfield>
    <subfield code="t">V:XII C:2</subfield>
    <subfield code="y">LIB</subfield>
  </datafield>
  <datafield tag="952" ind1=" " ind2=" ">
    <subfield code="1">0</subfield>
    <subfield code="2">lcc</subfield>
    <subfield code="4">0</subfield>
    <subfield code="7">0</subfield>
    <subfield code="a">LIC-047-1</subfield>
    <subfield code="b">LIC-047-1</subfield>
    <subfield code="c">CONSULTA</subfield>
    <subfield code="d">2011-06-06</subfield>
    <subfield code="f">1a ed.</subfield>
    <subfield code="k">EH</subfield>
    <subfield code="o">BF173.O27 F74 2005</subfield>
    <subfield code="p">BPS000005949</subfield>
    <subfield code="r">2011-06-06 00:00:00</subfield>
    <subfield code="t">V:XIIl C:2</subfield>
    <subfield code="v">1.00</subfield>
    <subfield code="y">LIB</subfield>
  </datafield>
  <datafield tag="952" ind1=" " ind2=" ">
    <subfield code="1">0</subfield>
    <subfield code="2">lcc</subfield>
    <subfield code="4">0</subfield>
    <subfield code="7">0</subfield>
    <subfield code="a">LIC-047-1</subfield>
    <subfield code="b">LIC-047-1</subfield>
    <subfield code="c">CONSULTA</subfield>
    <subfield code="d">2011-06-06</subfield>
    <subfield code="e">Rec. prop.</subfield>
    <subfield code="h">BPS000005950</subfield>
    <subfield code="o">BF173.O27 F74 2006</subfield>
    <subfield code="p">BPS000005950</subfield>
    <subfield code="r">2011-06-06 00:00:00</subfield>
    <subfield code="t">V:XIV C:2</subfield>
    <subfield code="y">LIB</subfield>
  </datafield>
  <datafield tag="952" ind1=" " ind2=" ">
    <subfield code="1">0</subfield>
    <subfield code="2">lcc</subfield>
    <subfield code="4">0</subfield>
    <subfield code="7">0</subfield>
    <subfield code="a">LIC-047-1</subfield>
    <subfield code="b">LIC-047-1</subfield>
    <subfield code="c">CONSULTA</subfield>
    <subfield code="d">2011-06-07</subfield>
    <subfield code="f">1a ed.</subfield>
    <subfield code="k">EH</subfield>
    <subfield code="o">BF173.O27 F74 2006</subfield>
    <subfield code="p">BPS000005951</subfield>
    <subfield code="r">2011-06-07 00:00:00</subfield>
    <subfield code="t">V. XV C:2</subfield>
    <subfield code="v">1.00</subfield>
    <subfield code="y">LIB</subfield>
  </datafield>
  <datafield tag="952" ind1=" " ind2=" ">
    <subfield code="1">0</subfield>
    <subfield code="2">lcc</subfield>
    <subfield code="4">0</subfield>
    <subfield code="7">0</subfield>
    <subfield code="a">LIC-047-1</subfield>
    <subfield code="b">LIC-047-1</subfield>
    <subfield code="c">CONSULTA</subfield>
    <subfield code="d">2011-06-07</subfield>
    <subfield code="e">Rec. prop.</subfield>
    <subfield code="h">BPS000005952</subfield>
    <subfield code="o">BF173.O27 F74 2005</subfield>
    <subfield code="p">BPS000005952</subfield>
    <subfield code="r">2011-06-07 00:00:00</subfield>
    <subfield code="t">V.XVI C:2</subfield>
    <subfield code="y">LIB</subfield>
  </datafield>
  <datafield tag="952" ind1=" " ind2=" ">
    <subfield code="1">0</subfield>
    <subfield code="2">lcc</subfield>
    <subfield code="4">0</subfield>
    <subfield code="7">0</subfield>
    <subfield code="a">LIC-047-1</subfield>
    <subfield code="b">LIC-047-1</subfield>
    <subfield code="c">CONSULTA</subfield>
    <subfield code="d">2011-06-07</subfield>
    <subfield code="e">Rec. prop</subfield>
    <subfield code="h">BPS000005953</subfield>
    <subfield code="o">BF173.O27 F74 2006</subfield>
    <subfield code="p">BPS000005953</subfield>
    <subfield code="r">2011-06-07 00:00:00</subfield>
    <subfield code="s">0000-00-00</subfield>
    <subfield code="t">V.XVII C:2</subfield>
    <subfield code="y">LIB</subfield>
  </datafield>
  <datafield tag="952" ind1=" " ind2=" ">
    <subfield code="1">0</subfield>
    <subfield code="2">lcc</subfield>
    <subfield code="4">0</subfield>
    <subfield code="7">0</subfield>
    <subfield code="a">LIC-047-1</subfield>
    <subfield code="b">LIC-047-1</subfield>
    <subfield code="c">CONSULTA</subfield>
    <subfield code="d">2011-06-07</subfield>
    <subfield code="e">Rec. Prop.</subfield>
    <subfield code="h">BPS000005954</subfield>
    <subfield code="o">BF173.O27 F74 2006</subfield>
    <subfield code="p">BPS000005954</subfield>
    <subfield code="r">2011-06-07 00:00:00</subfield>
    <subfield code="s">0000-00-00</subfield>
    <subfield code="t">V.XVIII C:2</subfield>
    <subfield code="y">LIB</subfield>
  </datafield>
  <datafield tag="952" ind1=" " ind2=" ">
    <subfield code="1">0</subfield>
    <subfield code="2">lcc</subfield>
    <subfield code="4">0</subfield>
    <subfield code="7">0</subfield>
    <subfield code="a">LIC-047-1</subfield>
    <subfield code="b">LIC-047-1</subfield>
    <subfield code="c">CONSULTA</subfield>
    <subfield code="d">2011-06-07</subfield>
    <subfield code="e">Rec. Prop.</subfield>
    <subfield code="h">BPS000005955</subfield>
    <subfield code="o">BF173.O27 F74 2006</subfield>
    <subfield code="p">BPS000005955</subfield>
    <subfield code="r">2011-06-07 00:00:00</subfield>
    <subfield code="t">V.XIX C:2</subfield>
    <subfield code="y">LIB</subfield>
  </datafield>
  <datafield tag="952" ind1=" " ind2=" ">
    <subfield code="1">0</subfield>
    <subfield code="2">lcc</subfield>
    <subfield code="4">0</subfield>
    <subfield code="7">0</subfield>
    <subfield code="a">LIC-047-1</subfield>
    <subfield code="b">LIC-047-1</subfield>
    <subfield code="c">CONSULTA</subfield>
    <subfield code="d">2011-06-07</subfield>
    <subfield code="f">1a ed.</subfield>
    <subfield code="k">EH</subfield>
    <subfield code="o">BF173.O27 F74 2006</subfield>
    <subfield code="p">BPS000005956</subfield>
    <subfield code="r">2011-06-07 00:00:00</subfield>
    <subfield code="t">V.XX C:2</subfield>
    <subfield code="v">1.00</subfield>
    <subfield code="y">LIB</subfield>
  </datafield>
  <datafield tag="952" ind1=" " ind2=" ">
    <subfield code="1">0</subfield>
    <subfield code="2">lcc</subfield>
    <subfield code="4">0</subfield>
    <subfield code="7">0</subfield>
    <subfield code="a">LIC-047-1</subfield>
    <subfield code="b">LIC-047-1</subfield>
    <subfield code="c">CONSULTA</subfield>
    <subfield code="d">2011-06-07</subfield>
    <subfield code="e">Rec. Prop.</subfield>
    <subfield code="h">BPS000005957</subfield>
    <subfield code="o">BF173.O27 F74 2006</subfield>
    <subfield code="p">BPS000005957</subfield>
    <subfield code="r">2011-06-07 00:00:00</subfield>
    <subfield code="t">V:XXI C:2</subfield>
    <subfield code="y">LIB</subfield>
  </datafield>
  <datafield tag="952" ind1=" " ind2=" ">
    <subfield code="1">0</subfield>
    <subfield code="2">lcc</subfield>
    <subfield code="4">0</subfield>
    <subfield code="7">0</subfield>
    <subfield code="a">LIC-047-1</subfield>
    <subfield code="b">LIC-047-1</subfield>
    <subfield code="c">CONSULTA</subfield>
    <subfield code="d">2011-06-07</subfield>
    <subfield code="e">Rec. prop.</subfield>
    <subfield code="h">BPS000005958</subfield>
    <subfield code="o">BF173.O27 F74 2004</subfield>
    <subfield code="p">BPS000005958</subfield>
    <subfield code="r">2011-06-07 00:00:00</subfield>
    <subfield code="t">V.XXII C:2</subfield>
    <subfield code="y">LIB</subfield>
  </datafield>
  <datafield tag="952" ind1=" " ind2=" ">
    <subfield code="1">0</subfield>
    <subfield code="2">lcc</subfield>
    <subfield code="4">0</subfield>
    <subfield code="7">0</subfield>
    <subfield code="a">LIC-047-1</subfield>
    <subfield code="b">LIC-047-1</subfield>
    <subfield code="c">CONSULTA</subfield>
    <subfield code="d">2011-06-07</subfield>
    <subfield code="e">Rec. prop.</subfield>
    <subfield code="h">BPS000005959</subfield>
    <subfield code="o">BF173.O27 F74 2006</subfield>
    <subfield code="p">BPS000005959</subfield>
    <subfield code="r">2011-06-07 00:00:00</subfield>
    <subfield code="t">V:XXIII C:2</subfield>
    <subfield code="y">LIB</subfield>
  </datafield>
  <datafield tag="952" ind1=" " ind2=" ">
    <subfield code="1">0</subfield>
    <subfield code="2">lcc</subfield>
    <subfield code="4">0</subfield>
    <subfield code="7">0</subfield>
    <subfield code="a">LIC-047-1</subfield>
    <subfield code="b">LIC-047-1</subfield>
    <subfield code="c">CONSULTA</subfield>
    <subfield code="d">2011-06-07</subfield>
    <subfield code="e">Rec. prop.</subfield>
    <subfield code="h">BPS000005960</subfield>
    <subfield code="o">BF173.O27 F74 2006</subfield>
    <subfield code="p">BPS000005960</subfield>
    <subfield code="r">2011-06-07 00:00:00</subfield>
    <subfield code="s">0000-00-00</subfield>
    <subfield code="t">V.XXIV C:2</subfield>
    <subfield code="y">LIB</subfield>
  </datafield>
  <datafield tag="952" ind1=" " ind2=" ">
    <subfield code="1">0</subfield>
    <subfield code="2">lcc</subfield>
    <subfield code="4">0</subfield>
    <subfield code="7">0</subfield>
    <subfield code="a">LIC-047-1</subfield>
    <subfield code="b">LIC-047-1</subfield>
    <subfield code="c">CONSULTA</subfield>
    <subfield code="d">2011-06-08</subfield>
    <subfield code="e">Rec. prop.</subfield>
    <subfield code="h">BPS000005961</subfield>
    <subfield code="o">BF173.O27 F74 2006</subfield>
    <subfield code="p">BPS000005961</subfield>
    <subfield code="r">2011-06-08 00:00:00</subfield>
    <subfield code="t">C:2</subfield>
    <subfield code="y">LIB</subfield>
  </datafield>
</record>
